| 000 | 00545nam a2200181 i 4500 | ||
|---|---|---|---|
| 001 | 58625 | ||
| 003 | ES-MaACL | ||
| 007 | t| | ||
| 008 | 031023s1947 sp ||||1| spa d | ||
| 100 | 1 |
_aEbenstein, William. _946464 |
|
| 245 | 1 | 3 |
_aLa teoría pura del derecho / _cWilliam Ebenstein ; versión directa de J. Malagón y A. Pereña. |
| 250 | _a[1ª ed. en español]. | ||
| 260 |
_a[S.l. : _bs.n., _c1947] |
||
| 300 |
_a241 p. ; _c22 cm. |
||
| 700 | 1 |
_aMalagón, J. _975673 |
|
| 700 | 1 |
_aPereña, A. _990511 |
|
| 852 |
_aES-MaACL _jE-283 _bR.26419 |
||
| 999 |
_c58625 _d58625 |
||